| 000 | 00713nam a2200217 u 4500 | ||
|---|---|---|---|
| 005 | 20210223131611.0 | ||
| 008 | 111005s2004 ch r 000 0 spa d | ||
| 020 | _a9561315610 | ||
| 035 | _aUPN01000182037 | ||
| 049 | _aI | ||
| 050 | 4 |
_aPZ74.1 _bB3.3 2004 |
|
| 100 | 1 |
_aBalcells, Jacqueline, _d1944- _931758 |
|
| 245 | 1 | 0 |
_aCuentos ecológicos y mitológicos / _cJacqueline Balcells, Ana María Güiraldes ; il. Andrés Jullian. |
| 250 | _a3a ed. | ||
| 260 |
_aSantiago de Chile : _bAndrés Bello, _c2004. |
||
| 300 |
_a101 p. : _bil. |
||
| 650 | 4 |
_aCUENTOS INFANTILES CHILENOS _911282 |
|
| 650 | 4 |
_aCUENTOS FANTASTICOS _97897 |
|
| 700 | 1 |
_aGüiraldes, Ana María, _d1946- _ecoaut. _931800 |
|
| 905 | _aInfantil | ||
| 999 |
_c154140 _d154140 |
||